Представление документа в формате RUSMARC

ПолеНазваниеЗначение
  Тип записи a
  Библиографический уровень m
001 Контрольный номер RU/IS/BASE/542711343
005 Дата корректировки 20260320143750.0
010 Индекс ISBN __
a ISBN 5-94538-049-0
b Уточнения в пер.
d Цена 90 р. 00 к.
9 Тираж 10 000 экз.
090 Данные записи __
a Состояние записи 63.3(5)
b Тип записи Книги
c Язык записи Русский
d Отрасль знаний (КСУ) Другая
e Секретность Несекретно
g Вид записи Монография (однотомник)
x Дата передачи записи для обработки Г57
100 Данные общей обработки __
a Данные общей обработки 20111118d2013 u u 1rusy ||||ca
101 Язык документа 0_
a Язык текста rus
105 Кодированные данные (монография) __
a Кодированные данные (монография) a z 000yy
181 Поле кодированных данных: вид содержания _1
a Код вида содержания (ISBD) i#
b Код характеристики содержания (ISBD) #xxe##
d i
g x
h x
i e
182 Поле кодированных данных: тип средства _1
a Код типа средства (ISBD) n
2 Код системы (источник кода, отличный от ISBD) isbdmedia
200 Заглавие и сведения об ответственности 1_
a Заглавие Чудеса природы
f Первые сведения об ответственности Е. Г. Горбачева, С. А. Хворостухина
210 Выходные данные 1_
a Место издания Москва
c Издательство Вече
d Дата издания 2002
215 Физическое описание __
a Объем 224 с.
c Иллюстрации/тип воспроизводства ил.
d Формат 22 см.
225 Серия 1_
a Серия 100 самых-самых
300 Общие примечания __
a Общие примечания 12+
300 Общие примечания __
a Общие примечания На обл. авт. не указаны
300 Общие примечания __
a Общие примечания Под инв. номером 83304: Ц-1, 2-1, 5-1, 7-1, 11-1, 12н-1, 28-2, 30-1
606 Тематические рубрики 0_
a Основная рубрика Чудеса природы
610 Ключевые слова 0_
a Ключевые слова памятники природы
a Ключевые слова чудеса природы
a Ключевые слова удивительные места планеты
a Ключевые слова физическая география
686 Индексы других классификаций __
a Классификационный индекс 26.0
2 Код системы rubbk
700 Автор _1
a Фамилия Горбачева
b Имя (инициалы) Е. Г.
g Полное личное имя Екатерина Геннадьевна
701 Альтернативная интеллектуальная ответственность _1
a Фамилия Хворостухина
b Имя (инициалы) С. А.
g Полное личное имя Светлана Александровна
801 Источник записи _0
a Страна RU
b Организация МБУК ЦБС г. Ульяновска
c Дата составления 20111118
801 Источник записи _1
a Страна RU
b Организация МБУК ЦБС г. Ульяновска
c Дата составления 20111118
899 Данные о местонахождении __
3 Книга № 28749
a Местонахождение 3 ф
i Авторский знак Г 67
j Расстановочный фильтр 26.0
d Название фонда Инв.книга №1
q Состояние Свободно
x Инвентарный номер 149970
900 Электронные ресурсы __
a Имя электронного ресурса горбачева чудеса
901 Тип документа __
t Тип документа m
910 Корректоры записи __
a Корректор записи Даудова